[Event "Winnipeg TNT Febr op"]
[Site "Winnipeg CAN"]
[Date "2005.02.01"]
[Round "1"]
[White "Anderson, George"]
[Black "Van Wyk, Joseph"]
[Result "1/2-1/2"]
[WhiteElo "1394"]
[BlackElo "1888"]
[PlyCount "114"]
[GameId "2160767911031368"]
[EventDate "2005.02.01"]
[EventType "swiss"]
[EventRounds "4"]
[EventCountry "CAN"]
[SourceTitle "EXT 2006"]
[Source "ChessBase"]
[SourceDate "2005.11.24"]
[SourceVersion "1"]
[SourceVersionDate "2005.11.24"]
[SourceQuality "1"]

1. e4 d5 2. exd5 Nf6 3. Nc3 Nxd5 4. Bc4 e6 5. Nf3 c5 6. O-O Nc6 7. Re1 Nb6 8. Bb5 Bd7 9. b3 a6 10. Bxc6 Bxc6 11. d3 Nd5 12. Bb2 Nf4 13. Ne4 Be7 14. Qd2 Qc7 15. Be5 Nh3+ 16. gxh3 Qd7 17. Bg3 f6 18. Qe2 e5 19. Nh4 O-O-O 20. Qg4 g5 21. Qxd7+ Rxd7 22. Nf5 h5 23. f3 Bxe4 24. Nxe7+ Rxe7 25. fxe4 Rg7 26. Rf1 g4 27. h4 Rh6 28. Rf5 Kd7 29. c4 Ke6 30. b4 cxb4 31. Rff1 Rd7 32. Rfd1 Rh8 33. Kf2 a5 34. Ke2 Rhd8 35. Bf2 Ra8 36. Rac1 f5 37. exf5+ Kxf5 38. d4 exd4 39. Bxd4 Re8+ 40. Kd3 g3 41. hxg3 Kg4 42. c5 Kxg3 43. Kc4 Re4 44. Rd3+ Kxh4 45. Rcd1 Kg4 46. Kb5 Re6 47. Rg1+ Kf5 48. Rf3+ Ke4 49. Re3+ Kxd4 50. Rxe6 Kc3 51. Kxa5 Rd2 52. Rg3+ Kc4 53. Re4+ Kxc5 54. Rg5+ Kc6 55. Kxb4 Rxa2 56. Rxh5 b5 57. Rg4 Ra4+ 1/2-1/2

[Event "Winnipeg TNT Febr op"]
[Site "Winnipeg CAN"]
[Date "2005.02.01"]
[Round "1"]
[White "Cleto, Sam"]
[Black "Reimer, Bruce"]
[Result "1-0"]
[WhiteElo "1812"]
[BlackElo "1357"]
[PlyCount "43"]
[GameId "2160767911031370"]
[EventDate "2005.02.01"]
[EventType "swiss"]
[EventRounds "4"]
[EventCountry "CAN"]
[SourceTitle "EXT 2006"]
[Source "ChessBase"]
[SourceDate "2005.11.24"]
[SourceVersion "1"]
[SourceVersionDate "2005.11.24"]
[SourceQuality "1"]

1. e4 d6 2. d4 Nf6 3. Nc3 g6 4. Be2 Bg7 5. Nf3 c6 6. h3 b5 7. a3 O-O 8. O-O Nbd7 9. Bf4 Nh5 10. Bh2 e5 11. dxe5 dxe5 12. Qd6 Qf6 13. Rad1 Re8 14. Qc7 Nc5 15. Bxe5 Rxe5 16. Rd8+ Bf8 17. Nxe5 Ne6 18. Rxf8+ Kxf8 19. Qxc6 Rb8 20. Qd6+ Qe7 21. Qxb8 Qd8 22. Bxb5 1-0

[Event "Winnipeg TNT Febr op"]
[Site "Winnipeg CAN"]
[Date "2005.02.01"]
[Round "1"]
[White "Czarny, Keith"]
[Black "Schulz, Manfred"]
[Result "1-0"]
[WhiteElo "1658"]
[BlackElo "1938"]
[PlyCount "95"]
[GameId "2160767911031371"]
[EventDate "2005.02.01"]
[EventType "swiss"]
[EventRounds "4"]
[EventCountry "CAN"]
[SourceTitle "EXT 2006"]
[Source "ChessBase"]
[SourceDate "2005.11.24"]
[SourceVersion "1"]
[SourceVersionDate "2005.11.24"]
[SourceQuality "1"]

1. Nf3 c6 2. c4 d5 3. cxd5 cxd5 4. g3 Nf6 5. Bg2 Bf5 6. Nd4 Bg6 7. Nc3 e6 8. Qa4+ Nbd7 9. d3 Be7 10. Bg5 a6 11. O-O O-O 12. f4 b5 13. Qd1 Qb6 14. e3 h6 15. Bh4 Bc5 16. Nce2 Rac8 17. Kh1 Ng4 18. Qd2 e5 19. fxe5 Ndxe5 20. h3 Nf6 21. Bxf6 gxf6 22. b4 Bd6 23. Nf5 Kh7 24. e4 Bxf5 25. Rxf5 Bxb4 26. Qxb4 Nxd3 27. Qd4 Qxd4 28. Nxd4 Rc4 29. Rxd5 Nb4 30. Rd7 Kg6 31. Nf5 Re8 32. g4 Rc2 33. Nh4+ Kg5 34. Nf3+ Kf4 35. Nd4 Rf2 36. a3 Nd3 37. Rf1 Rxf1+ 38. Bxf1 Nf2+ 39. Kg2 Nxe4 40. Nb3 Ng5 41. Rd4+ Ke5 42. Rd1 Rc8 43. Rc1 Rg8 44. Bd3 Ne6 45. Bf5 Nf4+ 46. Kh2 h5 47. Rc8 hxg4 48. Rxg8 1-0

[Event "Winnipeg TNT Febr op"]
[Site "Winnipeg CAN"]
[Date "2005.02.01"]
[Round "1"]
[White "Essery, Richard"]
[Black "Gibson, Fred"]
[Result "1-0"]
[WhiteElo "1760"]
[BlackElo "1183"]
[PlyCount "53"]
[GameId "2160767911031372"]
[EventDate "2005.02.01"]
[EventType "swiss"]
[EventRounds "4"]
[EventCountry "CAN"]
[SourceTitle "EXT 2006"]
[Source "ChessBase"]
[SourceDate "2005.11.24"]
[SourceVersion "1"]
[SourceVersionDate "2005.11.24"]
[SourceQuality "1"]

1. e4 c5 2. d4 cxd4 3. c3 dxc3 4. Nxc3 d6 5. Bc4 Nf6 6. Bb3 Bd7 7. Nf3 Bg4 8. e5 Nfd7 9. Qd5 Be6 10. Qxb7 Nb6 11. Bxe6 fxe6 12. Be3 N8d7 13. Ng5 Qc8 14. Qxc8+ Nxc8 15. Nxe6 Nxe5 16. Nc7+ Kd7 17. Nxa8 Kc6 18. Rc1 Kb7 19. Nd5 Nd3+ 20. Kd2 Nxc1 21. Rxc1 e6 22. Nf4 Be7 23. Nc7 a6 24. Ncxe6 Bf6 25. Nd5 Ne7 26. Rc7+ Kb8 27. Ba7+ 1-0

[Event "Winnipeg TNT Febr op"]
[Site "Winnipeg CAN"]
[Date "2005.02.01"]
[Round "1"]
[White "Greenberg, Harley"]
[Black "Tang, Edward"]
[Result "0-1"]
[WhiteElo "1737"]
[BlackElo "2010"]
[PlyCount "72"]
[GameId "2160767911031373"]
[EventDate "2005.02.01"]
[EventType "swiss"]
[EventRounds "4"]
[EventCountry "CAN"]
[SourceTitle "EXT 2006"]
[Source "ChessBase"]
[SourceDate "2005.11.24"]
[SourceVersion "1"]
[SourceVersionDate "2005.11.24"]
[SourceQuality "1"]

1. d4 Nf6 2. c4 g6 3. Nc3 Bg7 4. e4 O-O 5. Nf3 d6 6. Be2 e5 7. Be3 exd4 8. Nxd4 Re8 9. f3 c6 10. O-O d5 11. cxd5 cxd5 12. Qc2 dxe4 13. Rad1 Qe7 14. Bg5 Qc5 15. Bb5 Nc6 16. Qf2 Qxg5 17. Nxc6 bxc6 18. Bxc6 Ba6 19. Bxa8 Bxf1 20. Bc6 e3 21. Qxf1 e2 22. Nxe2 Qc5+ 23. Nd4 Rd8 24. b4 Qb6 25. Qc4 Nh5 26. Bd5 Nf4 27. Bxf7+ Kh8 28. Kf1 Bxd4 29. Re1 Qd6 30. Be8 Qd5 31. Qc7 Qd6 32. Qf7 Qf6 33. Qc7 Bb6 34. Qc4 Qd4 35. Qxd4+ Rxd4 36. g3 Nd3 0-1

[Event "Winnipeg TNT Febr op"]
[Site "Winnipeg CAN"]
[Date "2005.02.01"]
[Round "1"]
[White "Khedkar, Jay S"]
[Black "Lindsay, Richard Vicent"]
[Result "0-1"]
[WhiteElo "1989"]
[BlackElo "1732"]
[PlyCount "85"]
[GameId "2160767911031374"]
[EventDate "2005.02.01"]
[EventType "swiss"]
[EventRounds "4"]
[EventCountry "CAN"]
[SourceTitle "EXT 2006"]
[Source "ChessBase"]
[SourceDate "2005.11.24"]
[SourceVersion "1"]
[SourceVersionDate "2005.11.24"]
[SourceQuality "1"]

1. e4 e6 2. d4 d5 3. e5 c5 4. c3 Nc6 5. Nf3 Qb6 6. Be2 Nge7 7. Na3 cxd4 8. cxd4 Nf5 9. Nc2 Bb4+ 10. Kf1 Bd7 11. g4 Nh6 12. h3 Be7 13. Ne3 f6 14. exf6 gxf6 15. Nxd5 exd5 16. Bxh6 Qxb2 17. Rb1 Qxa2 18. Rxb7 a5 19. Bb5 Nb8 20. Bxd7+ Nxd7 21. g5 Qc4+ 22. Kg2 Qc6 23. Qb1 fxg5 24. Bg7 Rg8 25. Rc1 Qe6 26. Qxh7 Qf7 27. Rxd7 Rxg7 28. Qc2 Rd8 29. Ne5 Qe6 30. Qc8 Qxd7 31. Nxd7 Rxc8 32. Rxc8+ Kxd7 33. Ra8 Bd8 34. Kf3 Rf7+ 35. Ke3 Rh7 36. Rb8 Rxh3+ 37. Kd2 a4 38. Rb1 Rf3 39. Ra1 a3 40. Ke2 Rb3 41. Kd1 Be7 42. Ke1 Rb2 43. Kf1 0-1

[Event "Winnipeg TNT Febr op"]
[Site "Winnipeg CAN"]
[Date "2005.02.01"]
[Round "1"]
[White "Lauritson, Jim"]
[Black "Rumpel, Chris"]
[Result "1/2-1/2"]
[WhiteElo "1908"]
[BlackElo "1416"]
[PlyCount "105"]
[GameId "2160767911031375"]
[EventDate "2005.02.01"]
[EventType "swiss"]
[EventRounds "4"]
[EventCountry "CAN"]
[SourceTitle "EXT 2006"]
[Source "ChessBase"]
[SourceDate "2005.11.24"]
[SourceVersion "1"]
[SourceVersionDate "2005.11.24"]
[SourceQuality "1"]

1. e4 e6 2. d3 d5 3. Nd2 c5 4. Ngf3 Nc6 5. g3 Bd6 6. Bg2 Nge7 7. O-O b5 8. Re1 Qc7 9. Nf1 O-O 10. h4 Bb7 11. N1h2 Rad8 12. Qe2 dxe4 13. dxe4 c4 14. Be3 Ng6 15. Ng4 a6 16. Red1 Nge5 17. Ngxe5 Nxe5 18. Ng5 Bc5 19. Bf4 h6 20. Nh3 Bd6 21. Rd2 c3 22. bxc3 Qxc3 23. Rad1 Qc7 24. Kh2 Nc4 25. Bxd6 Rxd6 26. Rxd6 Nxd6 27. Qd3 Nc4 28. Qd7 Qc6 29. Nf4 Ne5 30. Qxc6 Bxc6 31. Rd6 Rc8 32. Ne2 Bb7 33. c3 Kf8 34. Kg1 Ke7 35. Rd1 Rc7 36. Kf1 Rc4 37. Rd4 g5 38. hxg5 hxg5 39. Rxc4 Nxc4 40. Ke1 g4 41. Nd4 f5 42. Nxe6 Bxe4 43. Bxe4 Kxe6 44. Bb7 a5 45. Ke2 Ke5 46. Kd3 Nd6 47. Bc6 Ne4 48. Bxe4 fxe4+ 49. Ke3 b4 50. cxb4 axb4 51. Ke2 Kd4 52. Kd2 Kc4 53. Kc2 1/2-1/2

[Event "Winnipeg TNT Febr op"]
[Site "Winnipeg CAN"]
[Date "2005.02.01"]
[Round "1"]
[White "Proulx, Roy"]
[Black "Gentes, Kevin"]
[Result "0-1"]
[WhiteElo "1756"]
[BlackElo "2327"]
[PlyCount "44"]
[GameId "2160767911031376"]
[EventDate "2005.02.01"]
[EventType "swiss"]
[EventRounds "4"]
[EventCountry "CAN"]
[SourceTitle "EXT 2006"]
[Source "ChessBase"]
[SourceDate "2005.11.24"]
[SourceVersion "1"]
[SourceVersionDate "2005.11.24"]
[SourceQuality "1"]

1. d4 Nf6 2. Nf3 g6 3. c4 Bg7 4. Nc3 O-O 5. e4 d6 6. h3 e5 7. d5 Na6 8. Be3 Nh5 9. g4 Nf4 10. Qd2 f5 11. gxf5 gxf5 12. Bxf4 exf4 13. O-O-O Nc5 14. exf5 Bxf5 15. Nd4 a5 16. Nxf5 Rxf5 17. f3 Re5 18. Qxf4 Qe7 19. Bd3 Rf8 20. Qg4 Rg5 21. Qh4 Nxd3+ 22. Rxd3 Rg1+ 0-1

[Event "Winnipeg TNT Febr op"]
[Site "Winnipeg CAN"]
[Date "2005.02.01"]
[Round "1"]
[White "Schulz, Waldemar"]
[Black "Prince, Colin"]
[Result "1-0"]
[WhiteElo "2041"]
[BlackElo "1755"]
[PlyCount "45"]
[GameId "2160767911031377"]
[EventDate "2005.02.01"]
[EventType "swiss"]
[EventRounds "4"]
[EventCountry "CAN"]
[SourceTitle "EXT 2006"]
[Source "ChessBase"]
[SourceDate "2005.11.24"]
[SourceVersion "1"]
[SourceVersionDate "2005.11.24"]
[SourceQuality "1"]

1. d4 Nf6 2. c4 g6 3. Nc3 Bg7 4. e4 O-O 5. Be3 d6 6. f3 a5 7. Qd2 Re8 8. Bd3 Na6 9. Rd1 b6 10. Nge2 c5 11. O-O Nd7 12. Bb1 Nf8 13. f4 e6 14. dxc5 bxc5 15. Qxd6 Nd7 16. e5 Nc7 17. Ne4 Ra6 18. Qd2 Qh4 19. Nxc5 Nxc5 20. Bxc5 Bb7 21. Nc3 Rc6 22. Ne4 Bxe5 23. fxe5 1-0

[Event "Winnipeg TNT Febr op"]
[Site "Winnipeg CAN"]
[Date "2005.02.08"]
[Round "2"]
[White "Anderson, George"]
[Black "Lauritson, Jim"]
[Result "0-1"]
[WhiteElo "1394"]
[BlackElo "1908"]
[PlyCount "116"]
[GameId "2160767911031378"]
[EventDate "2005.02.01"]
[EventType "swiss"]
[EventRounds "4"]
[EventCountry "CAN"]
[SourceTitle "EXT 2006"]
[Source "ChessBase"]
[SourceDate "2005.11.24"]
[SourceVersion "1"]
[SourceVersionDate "2005.11.24"]
[SourceQuality "1"]

1. e4 c5 2. Nc3 Nc6 3. a3 Nf6 4. Nf3 d6 5. Bc4 e6 6. d3 Be7 7. O-O O-O 8. Bg5 b6 9. Ne2 Bb7 10. c3 d5 11. exd5 Nxd5 12. Be3 Qc7 13. b4 Ne5 14. Nxe5 Qxe5 15. d4 Qh5 16. bxc5 bxc5 17. dxc5 Nxe3 18. fxe3 Bxc5 19. Nd4 Qg5 20. Qe2 Rad8 21. Rae1 Qh6 22. Qf2 Bxa3 23. Qf4 Qxf4 24. exf4 Bc5 25. Rd1 Rd6 26. Rf2 Rfd8 27. Rfd2 Kf8 28. Kf1 Ke7 29. Ke2 g6 30. g3 Be4 31. Ke3 Ba8 32. Ke2 Bb6 33. Nb5 Rxd2+ 34. Rxd2 Rxd2+ 35. Kxd2 Bd5 36. Bd3 Bg1 37. h4 a6 38. Nc7 a5 39. Nxd5+ exd5 40. Ke2 a4 41. g4 a3 42. Bb1 Kd6 43. Ba2 Kc5 44. f5 gxf5 45. gxf5 h5 46. Kf3 Bh2 47. Kg2 Be5 48. Kf3 Bxc3 49. Ke3 Be1 50. Kd3 Bxh4 51. Kc3 Be7 52. Kb3 Kd4 53. Bb1 f6 54. Bc2 h4 55. Bd1 h3 56. Bf3 h2 57. Bh1 Ke5 58. Ka2 d4 0-1

[Event "Winnipeg TNT Febr op"]
[Site "Winnipeg CAN"]
[Date "2005.02.08"]
[Round "2"]
[White "Cheyne, Andrew"]
[Black "Proulx, Roy"]
[Result "0-1"]
[WhiteElo "1343"]
[BlackElo "1756"]
[PlyCount "110"]
[GameId "2160767911031379"]
[EventDate "2005.02.01"]
[EventType "swiss"]
[EventRounds "4"]
[EventCountry "CAN"]
[SourceTitle "EXT 2006"]
[Source "ChessBase"]
[SourceDate "2005.11.24"]
[SourceVersion "1"]
[SourceVersionDate "2005.11.24"]
[SourceQuality "1"]

1. e4 e6 2. d4 d5 3. Nc3 Nf6 4. e5 Nfd7 5. Nf3 c5 6. Be3 cxd4 7. Bxd4 Nc6 8. Bb5 Nxd4 9. Qxd4 a6 10. Ba4 b5 11. Bb3 Bc5 12. Qd2 Bb7 13. Ne2 O-O 14. Ned4 Qe7 15. O-O f6 16. Rfe1 f5 17. c3 h6 18. a3 Rae8 19. Rad1 Ba7 20. Bc2 Nc5 21. h3 Ne4 22. Qe3 g5 23. Nh2 Qg7 24. f4 Bb8 25. Nhf3 g4 26. Bxe4 fxe4 27. Nh2 gxh3 28. Qxh3 Bc8 29. g3 Rxf4 30. Rf1 Bxe5 31. Kh1 Rxf1+ 32. Rxf1 Bxd4 33. cxd4 e5 34. Qh5 Rf8 35. dxe5 Rxf1+ 36. Nxf1 Bg4 37. Qe8+ Kh7 38. Ne3 Bd7 39. Qh5 Qxg3 40. Qf7+ Qg7 41. Qxd5 Qe7 42. Qxe4+ Kg7 43. Nf5+ Bxf5 44. Qxf5 Qh4+ 45. Kg2 Qg5+ 46. Qxg5+ hxg5 47. Kf3 Kf7 48. Kg4 Ke6 49. Kxg5 Kxe5 50. b4 Kd4 51. Kf5 Kc3 52. Ke5 Kb3 53. Kd5 Kxa3 54. Kc5 Kb3 55. Kb6 Kxb4 0-1

[Event "Winnipeg TNT Febr op"]
[Site "Winnipeg CAN"]
[Date "2005.02.08"]
[Round "2"]
[White "Czarny, Keith"]
[Black "Cleto, Sam"]
[Result "0-1"]
[WhiteElo "1658"]
[BlackElo "1812"]
[PlyCount "62"]
[GameId "2160767911031380"]
[EventDate "2005.02.01"]
[EventType "swiss"]
[EventRounds "4"]
[EventCountry "CAN"]
[SourceTitle "EXT 2006"]
[Source "ChessBase"]
[SourceDate "2005.11.24"]
[SourceVersion "1"]
[SourceVersionDate "2005.11.24"]
[SourceQuality "1"]

1. Nf3 Nf6 2. c4 c5 3. Nc3 Nc6 4. g3 g6 5. Bg2 Bg7 6. O-O O-O 7. d3 d6 8. Bd2 Nd4 9. Re1 a6 10. Qc1 Rb8 11. Bh6 b5 12. Bxg7 Kxg7 13. e3 Nxf3+ 14. Bxf3 b4 15. Ne2 e5 16. d4 Bb7 17. Bxb7 Rxb7 18. Rd1 Qc8 19. Kg2 Qg4 20. f3 Qc8 21. dxc5 dxc5 22. b3 Re7 23. e4 Rd8 24. Qe3 Red7 25. Rxd7 Rxd7 26. f4 Ng4 27. Qc1 Qc6 28. Kf3 Nxh2+ 29. Ke3 f5 30. fxe5 Qxe4+ 31. Kf2 Qf3+ 0-1

[Event "Winnipeg TNT Febr op"]
[Site "Winnipeg CAN"]
[Date "2005.02.08"]
[Round "2"]
[White "Essery, Richard"]
[Black "Schulz, Waldemar"]
[Result "0-1"]
[WhiteElo "1760"]
[BlackElo "2041"]
[PlyCount "100"]
[GameId "2160767911031381"]
[EventDate "2005.02.01"]
[EventType "swiss"]
[EventRounds "4"]
[EventCountry "CAN"]
[SourceTitle "EXT 2006"]
[Source "ChessBase"]
[SourceDate "2005.11.24"]
[SourceVersion "1"]
[SourceVersionDate "2005.11.24"]
[SourceQuality "1"]

1. Nf3 Nf6 2. b3 d5 3. Bb2 c5 4. e3 Nc6 5. h3 e6 6. d4 cxd4 7. exd4 Bb4+ 8. c3 Be7 9. Bd3 a6 10. O-O O-O 11. Nbd2 b5 12. Ne5 Bb7 13. a3 Re8 14. f4 Qc7 15. Qe2 Rad8 16. b4 Bf8 17. Nb3 Ne4 18. Qe1 f6 19. Nxc6 Bxc6 20. Nc5 Bxc5 21. bxc5 e5 22. fxe5 fxe5 23. Qh4 Qe7 24. Qxe7 Rxe7 25. Rf5 g6 26. Rf3 Rde8 27. Bc2 Nd2 28. Rf6 Re6 29. Rxe6 Rxe6 30. a4 Nc4 31. axb5 Bxb5 32. Bc1 Kg7 33. Kf2 h6 34. Ba4 Bxa4 35. Rxa4 g5 36. Rb4 Kf6 37. Rb7 Kf5 38. h4 exd4 39. cxd4 Ke4 40. hxg5 hxg5 41. Bxg5 Kxd4 42. Rc7 Kc3 43. Bf4 d4 44. c6 Na5 45. g4 Nxc6 46. g5 a5 47. Rf7 d3 48. Rf6 Nd4 49. Be3 Rxf6+ 50. Bf4 Rxf4+ 0-1

[Event "Winnipeg TNT Febr op"]
[Site "Winnipeg CAN"]
[Date "2005.02.08"]
[Round "2"]
[White "Gentes, Kevin"]
[Black "Herkert, Dean"]
[Result "1-0"]
[WhiteElo "2327"]
[BlackElo "1772"]
[PlyCount "37"]
[GameId "2160767911031382"]
[EventDate "2005.02.01"]
[EventType "swiss"]
[EventRounds "4"]
[EventCountry "CAN"]
[SourceTitle "EXT 2006"]
[Source "ChessBase"]
[SourceDate "2005.11.24"]
[SourceVersion "1"]
[SourceVersionDate "2005.11.24"]
[SourceQuality "1"]

1. e4 Nf6 2. e5 Nd5 3. d4 d6 4. Nf3 dxe5 5. Nxe5 g6 6. Bc4 Bg7 7. Nxf7 Kxf7 8. Qf3+ Ke6 9. Qe4+ Kf6 10. Bxd5 e6 11. Bxb7 Bxb7 12. Qxb7 Qxd4 13. Qxa8 Qe5+ 14. Be3 Qxb2 15. O-O Qxa1 16. Qxa7 e5 17. Qxc7 Qxa2 18. Nc3 Qf7 19. Ne4+ 1-0

[Event "Winnipeg TNT Febr op"]
[Site "Winnipeg CAN"]
[Date "2005.02.08"]
[Round "2"]
[White "Greenberg, Harley"]
[Black "Khedkar, Jay S"]
[Result "0-1"]
[WhiteElo "1737"]
[BlackElo "1989"]
[PlyCount "50"]
[GameId "2160767911031383"]
[EventDate "2005.02.01"]
[EventType "swiss"]
[EventRounds "4"]
[EventCountry "CAN"]
[SourceTitle "EXT 2006"]
[Source "ChessBase"]
[SourceDate "2005.11.24"]
[SourceVersion "1"]
[SourceVersionDate "2005.11.24"]
[SourceQuality "1"]

1. d4 d5 2. c4 e6 3. Nf3 Nf6 4. g3 Be7 5. Bg2 Nbd7 6. O-O O-O 7. Nc3 dxc4 8. e4 Nb6 9. Re1 c5 10. e5 Nfd5 11. a3 Bd7 12. Ne4 Rc8 13. dxc5 Bxc5 14. Bg5 Qc7 15. Rc1 Na4 16. Qd2 c3 17. bxc3 Bxa3 18. Nf6+ Nxf6 19. Bxf6 Bxc1 20. Rxc1 Nxc3 21. Ra1 Ne4 22. Qf4 Nxf6 23. Qg5 Qc3 24. Re1 Nd5 25. h4 Rc4 0-1

[Event "Winnipeg TNT Febr op"]
[Site "Winnipeg CAN"]
[Date "2005.02.08"]
[Round "2"]
[White "Prince, Colin"]
[Black "Gibson, Fred"]
[Result "1-0"]
[WhiteElo "1755"]
[BlackElo "1183"]
[PlyCount "35"]
[GameId "2160767911031384"]
[EventDate "2005.02.01"]
[EventType "swiss"]
[EventRounds "4"]
[EventCountry "CAN"]
[SourceTitle "EXT 2006"]
[Source "ChessBase"]
[SourceDate "2005.11.24"]
[SourceVersion "1"]
[SourceVersionDate "2005.11.24"]
[SourceQuality "1"]

1. e4 c5 2. Nf3 d6 3. d4 cxd4 4. Nxd4 Nc6 5. Bc4 Nf6 6. Nc3 e6 7. Be3 Be7 8. f3 O-O 9. Qd2 Qc7 10. Bb3 b6 11. h4 Bb7 12. h5 h6 13. g4 Kh7 14. g5 Ng8 15. g6+ Kh8 16. gxf7 Rxf7 17. Nxe6 Qd7 18. Nc5 1-0

[Event "Winnipeg TNT Febr op"]
[Site "Winnipeg CAN"]
[Date "2005.02.08"]
[Round "2"]
[White "Schulz, Manfred"]
[Black "Reimer, Bruce"]
[Result "1-0"]
[WhiteElo "1938"]
[BlackElo "1357"]
[PlyCount "39"]
[GameId "2160767911031385"]
[EventDate "2005.02.01"]
[EventType "swiss"]
[EventRounds "4"]
[EventCountry "CAN"]
[SourceTitle "EXT 2006"]
[Source "ChessBase"]
[SourceDate "2005.11.24"]
[SourceVersion "1"]
[SourceVersionDate "2005.11.24"]
[SourceQuality "1"]

1. e4 d6 2. d4 Nf6 3. Nc3 g6 4. Nf3 Bg7 5. Be3 c6 6. h3 b5 7. Bd3 O-O 8. Qd2 Re8 9. O-O e5 10. dxe5 dxe5 11. Rad1 Na6 12. a3 Bd7 13. Qe2 Qc8 14. a4 Nb4 15. axb5 Nxd3 16. Qxd3 cxb5 17. Bg5 a6 18. Bxf6 b4 19. Qxd7 bxc3 20. Bxg7 1-0

[Event "Winnipeg TNT Febr op"]
[Site "Winnipeg CAN"]
[Date "2005.02.08"]
[Round "2"]
[White "Tang, Edward"]
[Black "Lindsay, Richard Vicent"]
[Result "1-0"]
[WhiteElo "2010"]
[BlackElo "1732"]
[PlyCount "43"]
[GameId "2160767911031386"]
[EventDate "2005.02.01"]
[EventType "swiss"]
[EventRounds "4"]
[EventCountry "CAN"]
[SourceTitle "EXT 2006"]
[Source "ChessBase"]
[SourceDate "2005.11.24"]
[SourceVersion "1"]
[SourceVersionDate "2005.11.24"]
[SourceQuality "1"]

1. e4 e6 2. d4 d5 3. Nc3 Bb4 4. e5 c5 5. Bd2 Ne7 6. a3 cxd4 7. axb4 dxc3 8. Bxc3 Nbc6 9. Nf3 Ng6 10. h4 Qc7 11. Qe2 h5 12. b5 Nce7 13. Qd2 Bd7 14. Bd3 b6 15. O-O Nf5 16. Bxf5 exf5 17. Qxd5 O-O 18. Ng5 Rae8 19. Qf3 f6 20. exf6 gxf6 21. Qxh5 Re7 22. Qxg6+ 1-0

[Event "Winnipeg TNT Febr op"]
[Site "Winnipeg CAN"]
[Date "2005.02.08"]
[Round "2"]
[White "Van Wyk, Joseph"]
[Black "Rumpel, Chris"]
[Result "1-0"]
[WhiteElo "1888"]
[BlackElo "1416"]
[PlyCount "72"]
[GameId "2160767911031387"]
[EventDate "2005.02.01"]
[EventType "swiss"]
[EventRounds "4"]
[EventCountry "CAN"]
[SourceTitle "EXT 2006"]
[Source "ChessBase"]
[SourceDate "2005.11.24"]
[SourceVersion "1"]
[SourceVersionDate "2005.11.24"]
[SourceQuality "1"]

1. f4 d5 2. Nf3 c5 3. e3 Bg4 4. h3 Bxf3 5. Qxf3 a6 6. c4 e6 7. Nc3 Nf6 8. g4 h6 9. Bg2 Nc6 10. g5 hxg5 11. fxg5 Ne4 12. cxd5 Nxg5 13. Qg4 Ne5 14. Qa4+ Qd7 15. dxe6 Qxa4 16. exf7+ Ngxf7 17. Nxa4 Nd3+ 18. Ke2 O-O-O 19. Nb6+ Kb8 20. b3 g6 21. Ba3 Bg7 22. Raf1 Nfe5 23. Nc4 Rhe8 24. Nxe5 Bxe5 25. Rf7 Bc7 26. Rhf1 g5 27. Kd1 Rxe3 28. dxe3 Nf4+ 29. Kc2 Nxg2 30. Bxc5 Rc8 31. Rf8 Bd8 32. Kd3 Nh4 33. Bd6+ Ka7 34. Be7 Ng6 35. Rxd8 Nxe7 36. Rxc8 Nxc8 1-0

[Event "Winnipeg TNT Febr op"]
[Site "Winnipeg CAN"]
[Date "2005.02.08"]
[Round "2"]
[White "Wasney, Mark"]
[Black "Gibbons, Lorne"]
[Result "1-0"]
[WhiteElo "1680"]
[BlackElo "1302"]
[PlyCount "61"]
[GameId "2160767911031388"]
[EventDate "2005.02.01"]
[EventType "swiss"]
[EventRounds "4"]
[EventCountry "CAN"]
[SourceTitle "EXT 2006"]
[Source "ChessBase"]
[SourceDate "2005.11.24"]
[SourceVersion "1"]
[SourceVersionDate "2005.11.24"]
[SourceQuality "1"]

1. e4 d6 2. d4 g6 3. Nf3 Bg7 4. Bd3 Nf6 5. O-O O-O 6. Bg5 Nfd7 7. c3 Qe8 8. Nbd2 Nc6 9. Re1 Nd8 10. Qb3 Ne6 11. Be3 Nb6 12. a4 a5 13. Bb5 Bd7 14. Bxd7 Qxd7 15. Qc2 Nd8 16. c4 Qc8 17. c5 Nd7 18. Rac1 dxc5 19. dxc5 Ra6 20. Bd4 e5 21. Be3 Ne6 22. Red1 Rc6 23. Nb3 b6 24. Qd2 Rd8 25. cxb6 Nxb6 26. Qxa5 Rxc1 27. Rxc1 f6 28. Qb5 Qb7 29. a5 Bf8 30. axb6 Bd6 31. Na5 1-0

[Event "Winnipeg TNT Febr op"]
[Site "Winnipeg CAN"]
[Date "2005.02.15"]
[Round "3"]
[White "Cleto, Sam"]
[Black "Lauritson, Jim"]
[Result "0-1"]
[WhiteElo "1812"]
[BlackElo "1908"]
[PlyCount "70"]
[GameId "2160767911031389"]
[EventDate "2005.02.01"]
[EventType "swiss"]
[EventRounds "4"]
[EventCountry "CAN"]
[SourceTitle "EXT 2006"]
[Source "ChessBase"]
[SourceDate "2005.11.24"]
[SourceVersion "1"]
[SourceVersionDate "2005.11.24"]
[SourceQuality "1"]

1. d4 Nf6 2. Nf3 e6 3. c4 Bb4+ 4. Nbd2 b6 5. g3 Bb7 6. Bg2 O-O 7. O-O d5 8. cxd5 exd5 9. Qc2 Nbd7 10. b3 Re8 11. e3 Rc8 12. Bb2 Bd6 13. Nh4 g6 14. Nhf3 Ba6 15. Rfe1 c5 16. Qd1 c4 17. bxc4 Bxc4 18. Bh3 Rc6 19. Ng5 h6 20. Ngf3 Qc7 21. Bxd7 Nxd7 22. e4 dxe4 23. Rxe4 Rxe4 24. Nxe4 Bd5 25. Nxd6 Qxd6 26. Ne5 Rc8 27. Qd2 Kg7 28. Qe3 Re8 29. Qf4 Qe6 30. f3 g5 31. Qd2 f6 32. Nxd7 Qxd7 33. f4 Qe6 34. fxg5 hxg5 35. Rc1 Qe4 0-1

[Event "Winnipeg TNT Febr op"]
[Site "Winnipeg CAN"]
[Date "2005.02.15"]
[Round "3"]
[White "Gibson, Fred"]
[Black "Gibbons, Lorne"]
[Result "1/2-1/2"]
[WhiteElo "1183"]
[BlackElo "1302"]
[PlyCount "92"]
[GameId "2160767911031390"]
[EventDate "2005.02.01"]
[EventType "swiss"]
[EventRounds "4"]
[EventCountry "CAN"]
[SourceTitle "EXT 2006"]
[Source "ChessBase"]
[SourceDate "2005.11.24"]
[SourceVersion "1"]
[SourceVersionDate "2005.11.24"]
[SourceQuality "1"]

1. d4 d5 2. c4 e6 3. e3 c6 4. Bd3 dxc4 5. Bxc4 b5 6. Bd3 g6 7. Nf3 Bg7 8. O-O Ne7 9. Nc3 O-O 10. b3 f5 11. Ne5 Bxe5 12. dxe5 Na6 13. Bc2 Bb7 14. Qxd8 Raxd8 15. Rd1 Nb4 16. Rxd8 Rxd8 17. Bd1 Nd3 18. f4 b4 19. Na4 Nxe5 20. Be2 Nd7 21. Bc4 Kf7 22. Bb2 Nc8 23. a3 a5 24. axb4 axb4 25. Bd4 Nd6 26. Nb6 Nxb6 27. Bxb6 Ra8 28. Rxa8 Bxa8 29. Bc5 Nxc4 30. bxc4 b3 31. Bd4 Bb7 32. c5 Ba6 33. Kf2 h5 34. Ke1 Kg8 35. Kd1 Kh7 36. h4 Kg8 37. Kc1 Kf7 38. Kb2 Bc4 39. Ka3 Ke7 40. Kb4 Bd5 41. g3 Kd7 42. Be5 Kc8 43. Ka4 Kb7 44. Ka5 Ka7 45. Ka4 Ka6 46. Kb4 Kb7 1/2-1/2